Statystyki dla Piwa w Polsce

Kliknij tutaj aby rozwiązać quiz!

Ogólne statystyki

  • Ten quiz został rozwiązany 1 233 razy
  • Średni wynik to 13 z 41

Statystyki odpowiedzi

BrowarMarka% Poprawnych
Grupa ŻywiecŻywiec
93%
Kompania PiwowarskaTyskie
84%
Kompania PiwowarskaŻubr
78%
Grupa ŻywiecWarka
72%
Kompania PiwowarskaLech
71%
Carlsberg GroupHarnaś
68%
Browary LubelskiePerła
63%
Grupa ŻywiecTatra
63%
Grupa ŻywiecHeineken
62%
Grupa ŻywiecDesperados
53%
Van PurŁomża
49%
Carlsberg GroupOkocim
49%
Carlsberg GroupSomersby
49%
Carlsberg GroupKasztelan
37%
Carlsberg GroupKsiąż
36%
Kompania PiwowarskaKsiążęce
32%
Grupa ŻywiecNamysłów
32%
Kompania PiwowarskaRedd's
32%
Kompania PiwowarskaDębowe
30%
Grupa ŻywiecEB
28%
Carlsberg GroupKarmi
23%
Grupa ŻywiecKuflowe
23%
Grupa ŻywiecKrólewskie
21%
Grupa ŻywiecLeżajsk
20%
Kompania PiwowarskaWojak
20%
Carlsberg GroupŽatecký
19%
Grupa ŻywiecSpecjal
17%
Carlsberg GroupBosman
13%
Kompania PiwowarskaCaptain Jack
13%
Carlsberg GroupPiast
11%
Carlsberg GroupCarslberg
8%
Kompania PiwowarskaGrolsch
8%
Van PurKarpackie
7%
Grupa ŻywiecStrong
7%
Browary LubelskieZwierzyniec
7%
Van PurBrok
5%
Carlsberg GroupGuinness
5%
Kompania Piwowarska10,5
3%
Kompania PiwowarskaGingers
3%
Carlsberg GroupVolt
2%
Carlsberg GroupHolsten
0%

Rozkład punktacji

Percentyl według liczby udzielonych odpowiedzi

Procent ludzi z każdym wynikiem

Twoja historia wyników

Nie rozwiązałeś tego quizu